=LDR 00000nam 2200000 4500 =001 INLIS000000000045493 =005 20251103125928 =035 ##$$a 0010-021500000000053 =008 251103###########################0#ind## =020 ##$$a 978-602-8356-19-0 =040 ##$$a NBPDMAT =082 ##$$a 028.5 =090 ##$$a 028.5 $b Dop s =100 ##$$a Do Pictures =245 1#$$a Seri Aku Tahu : $b Mengapa Pesawat Bisa Terbang /$c Maskal Do Pictures =260 ##$$a Jakarta :$b Nobel Edumedia,$c 2013 =300 ##$$a 24 hlm. : $b ilus ; $c 25 cm. =650 #4$$a Bacaan kanak-kanak =084 ##$$a 028.5 DOP s =990 ##$$a 21420232 =990 ##$$a 21420233 =990 ##$$a 21420234 =990 ##$$a 21420235 =990 ##$$a 21420236 =990 ##$$a 21420077 =990 ##$$a 21420078 =990 ##$$a 21420079 =990 ##$$a 21420080 =990 ##$$a 21420081 =990 ##$$a 21601486/BPAP-NTB/2017 =990 ##$$a 21420235 =990 ##$$a 21420232 =990 ##$$a 21420233 =990 ##$$a 21420234 =990 ##$$a 21420236 =990 ##$$a 21420077 =990 ##$$a 21420078 =990 ##$$a 21420079 =990 ##$$a 21420080 =990 ##$$a 21420081 =990 ##$$a 21601486/BPAP-NTB/2017